SCANP Scandinavian periodicals index in economics and business 1979

Saved in:
Bibliographic Details
Format: Book
Language:English
Published: Helsinki School of Economics Library and Computing Centre 1979
Tags: Add Tag
No Tags, Be the first to tag this record!

MARC

LEADER 00000nam a2200000 4500
001 c139588
005 20041019155316.4
041 0 |a eng 
044 |a FI 
245 1 0 |a SCANP  |b Scandinavian periodicals index in economics and business 1979 
264 1 |a Helsinki  |b School of Economics Library and Computing Centre  |c 1979 
300 |a 243 s.